Достоверность керновых проб и выбор диаметров скважин при разведке месторождений

Bibliografiske detaljer
Hovedforfatter: Михалкевич Ю. Л.
Institution som forfatter: Всесоюзный научно-исследовательский институт методики и техники разведки (ВИТР)
Andre forfattere: Морозов Ю. Т. (редактор)
Summary:Сост. указаны на 3-й с.
Sprog:russisk
Udgivet: Ленинград, Недра, 1982
Fag:
Format: Bog
KOHA link:https://koha.lib.tpu.ru/cgi-bin/koha/opac-detail.pl?biblionumber=316143

MARC

LEADER 00000nam0a2200000 4500
001 316143
005 20231102002839.0
020 |a RU  |b 82-59473 
035 |a (RuTPU)RU\TPU\book\341581 
090 |a 316143 
100 |a 20160315d1982 km y0rusy5003 ca 
101 0 |a rus 
102 |a RU 
105 |a y z 001zy 
200 1 |a Достоверность керновых проб и выбор диаметров скважин при разведке месторождений  |f Ю. Л. Михалкевич 
210 |a Ленинград  |c Недра  |d 1982 
215 |a 59 с. 
300 |a Сост. указаны на 3-й с. 
320 |a Библиогр.: с. 56-58 
606 1 |a Кернометрия  |2 stltpush  |3 (RuTPU)RU\TPU\subj\14289  |9 40729 
610 1 |a керны 
610 1 |a керновые пробы 
610 1 |a достоверность 
610 1 |a бурение скважин 
610 1 |a разведочное бурение 
610 1 |a диаметры 
610 1 |a минимальные размеры 
675 |a 550.822  |z rus  |v 3 
700 1 |a Михалкевич  |b Ю. Л.  |4 070 
702 1 |a Морозов  |b Ю. Т.  |4 340 
712 0 2 |a Всесоюзный научно-исследовательский институт методики и техники разведки (ВИТР)  |2 stltpush  |3 (RuTPU)RU\TPU\col\6027 
801 0 |a RU  |b RuMRKP  |c 19950704  |g psbo 
801 1 |a RU  |b 63413507  |c 20160315 
801 2 |a RU  |b 63413507  |c 20191211  |g RCR 
942 |c BK